[Event "IECC CL5-2004.23 email"]
[Site "IECC email"]
[Date "2004.09.03"]
[Round "?"]
[White "Kota, Suman"]
[Black "Wurm, Tamas"]
[Result "1-0"]
[WhiteElo "1425"]
[BlackElo "1415"]
[PlyCount "63"]
[EventDate "2004.??.??"]
[EventType "tourn (corr)"]
[EventRounds "4"]
[SourceTitle "Corr 2008"]
[Source "ChessBase"]
[SourceDate "2008.06.24"]
[SourceVersion "1"]
[SourceVersionDate "2008.06.24"]
[SourceQuality "1"]

1. e4 e5 2. Nf3 Nc6 3. Bb5 a6 4. Ba4 Nf6 5. d3 Bc5 6. Bg5 b5 7. Bb3 d6 8. Nc3 h6 9. Bh4 Be6 10. Nd5 Na5 11. Nxf6+ gxf6 12. Bxe6 fxe6 13. Nd2 Qe7 14. Qf3 Kf7 15. 0-0-0 Raf8 16. Qh5+ Kg8 17. Rhf1 Qf7 18. Qg4+ Kh7 19. f4 Rhg8 20. Qh3 f5 21. fxe5 dxe5 22. exf5 exf5 23. Ne4 Be7 24. Bxe7 Qxe7 25. Rxf5 Rxf5 26. Qxf5+ Kh8 27. Rf1 Rxg2 28. Qc8+ Kh7 29. Nf6+ Kg6 30. Qf5+ Kg7 31. Qh7+ Kf8 32. Nd5+ 1-0

[Event "IECC CL6-2003.18 email"]
[Site "IECC email"]
[Date "2003.08.08"]
[Round "?"]
[White "Sadler, Craig"]
[Black "Kota, Suman"]
[Result "0-1"]
[WhiteElo "1201"]
[BlackElo "1397"]
[PlyCount "44"]
[EventDate "2003.??.??"]
[EventType "tourn (corr)"]
[EventRounds "4"]
[SourceTitle "Corr 2008"]
[Source "ChessBase"]
[SourceDate "2008.06.24"]
[SourceVersion "1"]
[SourceVersionDate "2008.06.24"]
[SourceQuality "1"]

1. e4 e5 2. Nf3 d6 3. d4 exd4 4. Qxd4 Nc6 5. Bb5 Bd7 6. Bxc6 Bxc6 7. Nc3 Qf6 8. Be3 Qxd4 9. Nxd4 Bd7 10. Ndb5 0-0-0 11. Nxa7+ Kb8 12. Nab5 Nf6 13. f3 Re8 14. 0-0 d5 15. Bg5 Bc5+ 16. Kh1 d4 17. Bxf6 dxc3 18. Bxc3 Bxb5 19. Bxg7 Rhg8 20. c4 Ba6 21. Bf6 Rg6 22. Bh4 Bd4 0-1

[Event "IECC Swiss email"]
[Site "IECC email"]
[Date "2001.12.22"]
[Round "?"]
[White "Kota, Suman"]
[Black "Stanley, Bob"]
[Result "0-1"]
[WhiteElo "1300"]
[BlackElo "1872"]
[PlyCount "50"]
[EventDate "2001.??.??"]
[EventType "tourn (corr)"]
[EventRounds "6"]
[SourceTitle "Corr 2008"]
[Source "ChessBase"]
[SourceDate "2008.06.24"]
[SourceVersion "1"]
[SourceVersionDate "2008.06.24"]
[SourceQuality "1"]

1. e4 e6 2. Nc3 c5 3. d4 cxd4 4. Qxd4 Nc6 5. Qd1 Nf6 6. Bd3 d5 7. exd5 exd5 8. Nf3 Bb4 9. Bd2 Bg4 10. h3 Qe7+ 11. Qe2 Bxf3 12. Qxe7+ Kxe7 13. gxf3 Nd4 14. 0-0-0 Nxf3 15. a3 Bd6 16. Be1 Rhd8 17. Nxd5+ Nxd5 18. Be4 Bf4+ 19. Kb1 Nd2+ 20. Bxd2 Bxd2 21. Bxd5 Rxd5 22. Rh2 Rad8 23. f3 Bf4 24. Re2+ Kf6 25. Rde1 Rd1+ 0-1